Yogi Kathamrut (Record no. 357752)

MARC details
000 -LEADER
fixed length control field 00451nam a22001817a 4500
005 - DATE AND TIME OF LATEST TRANSACTION
control field 20240418103252.0
008 - FIXED-LENGTH DATA ELEMENTS--GENERAL INFORMATION
fixed length control field 240418b |||||||| |||| 00| 0 eng d
020 ## - INTERNATIONAL STANDARD BOOK NUMBER
International Standard Book Number 9789380676371
041 ## - LANGUAGE CODE
Language code of text/sound track or separate title Hindi
082 ## - DEWEY DECIMAL CLASSIFICATION NUMBER
Classification number 891.46
Item number YOG
100 ## - MAIN ENTRY--PERSONAL NAME
Author Yoganand Parmhans
245 ## - TITLE STATEMENT
Title Yogi Kathamrut
260 ## - PUBLICATION, DISTRIBUTION, ETC.
Place of publication, distribution, etc. India
Name of publisher, distributor, etc. Yogada Satsanga Society of India
Date of publication, distribution, etc. 2014
300 ## - PHYSICAL DESCRIPTION
Extent 716
365 ## - TRADE PRICE
Price amount 150.00
Currency code Rs.00
650 ## - SUBJECT ADDED ENTRY--TOPICAL TERM
Topical term or geographic name entry element Non Fiction
942 ## - ADDED ENTRY ELEMENTS (KOHA)
Koha item type Donated Book
Holdings
Withdrawn status Lost status Source of classification or shelving scheme Damaged status Not for loan Home library Current library Date acquired Net Price Full call number Barcode Date last seen Discount Actual Price Bill Date Koha item type Original Barcode
    Dewey Decimal Classification     School of Fashion Technology School of Fashion Technology 18/04/2024 150.00 891.43 YOG SOFT-BK-D34 18/04/2024 0.00 150.00 18/04/2024 Donated Book D34